| 000 | 00473cam a2200205ua 4500 | ||
|---|---|---|---|
| 001 | 8796 | ||
| 005 | 20260515114358.0 | ||
| 008 | 150214n ii |||gr||||Z||||||eng | ||
| 020 | _a8190340328 | ||
| 040 | _cMAIN | ||
| 041 | _aeng | ||
| 082 | _a820 | ||
| 100 |
_aJameson, F., _eAuthor. |
||
| 245 | 1 |
_aPostmodernism _cBy F. Jameson |
|
| 250 | _a1st. | ||
| 260 |
_aNew Delhi: _bABS, _c2008. |
||
| 300 | _a436p. | ||
| 653 | _aEnglish.& Old English literatures | ||
| 942 | _cBK | ||
| 999 |
_c7884 _d7884 |
||